Pages de début (notice n° 1774059)

détails MARC
000 -LEADER
fixed length control field 03735cam a2200241 4500500
005 - DATE AND TIME OF LATEST TRANSACTION
control field 20260322012606.0
041 ## - LANGUAGE CODE
Language code of text/sound track or separate title fre
042 ## - AUTHENTICATION CODE
Authentication code dc
100 10 - MAIN ENTRY--PERSONAL NAME
Personal name Yeo-Tenena, Yessonguilan
Relator term author
245 00 - TITLE STATEMENT
Title Pages de début
260 ## - PUBLICATION, DISTRIBUTION, ETC.
Date of publication, distribution, etc. 2015.<br/>
500 ## - GENERAL NOTE
General note 38
520 ## - SUMMARY, ETC.
Summary, etc. L’objectif de cette étude transversale descriptive réalisée dans l’unité de prise en charge des personnes vivant avec le VIH (PVVIH) du service de Pneumophtisiologie (PPH) du CHU de Treichville était de décrire la psychologie autour du VIH des couples sérodifférents. L’étude a donné les résultats suivants: La majeure partie de nos enquêtés (83,33%) ont été dépistés au décours d’une maladie (71.43% à la phase aiguë et 28,57% à la phase chronique). L’annonce de la séropositivité entrainait chez la personne infectée des réactions psychologiques telles que le déni (42,64%), la culpabilité ( 13,23%) et des idées de suicide (4,42%). Les réactions psychologiques rencontrées chez les conjoints étaient : le découragement (26,79%), la séparation temporaire des conjoints (5,35%), le soutien moral (51,78%) et le renforcement du lien familial (16,08%). Face à cette séropositivité, des remaniements de valeur s’opéraient chez les sujets infectés et les valeurs les plus désirées étaient : l’harmonie familiale et cohésion sociale (48,43%), accentuation de la vie spirituelle (21,87%). L’annonce de la sérologie était faite exclusivement aux membres de la famille de la personne infectée. Par ailleurs, on notait dans 78,51% des cas que les couples étaient sexuellement actifs. Ceux qui n’étaient pas sexuellement actifs évoquaient comme raisons une baisse de la libido (28,28%), les remaniements de la sexualité génitalisée (28,28%) et la peur de contaminer le conjoint (43,44%).
520 ## - SUMMARY, ETC.
Summary, etc. The objective of this descriptive cross-sectional study carried out in the dosage unit in charge of the people living with VIH (PVVIH) service of Pneumophtisiologie (pH) of Treichville university hospital was te describe psychology around the VIH of the sérodifférents couples. The study gave the following results: The major part of our surveyed (83.33%) was detected with the waning of a disease (71.43% with the acute phase and 28.57% with the chronic phase). The announcement of seropositivity involved at the infected person of the psychological reactions such as the refusal (42.64%), the culpability (13.23%) and of the ideas of suicide (4.42%). The psychological reactions met at the couple were : the discouragement (26.79%), the temporary separation of the couple (5.35%), the moral support (51.78%) and reinforcement of the family tie (16.08%). Vis-a-vis this seropositivity, rehandlings of value took place at the infected subjects and the most desired values were: the Family harmony and social cohesion (48.43%), stressing of the spiritual life (21.87%). The announcement of serology was made exclusively to the family members of the infected person. In addition, one noted in 78.51% of the cases that the couples were sexually active. Those which were not sexually active evoked as reasons a fall of the libido (28.28%), the rehandlings of genitalized sexuality (28.28%) and the fear of contaminating the spouse (43.44%).
700 10 - ADDED ENTRY--PERSONAL NAME
Personal name Bakayoko-Yéo Ténéna, Alimata Sandia
Relator term author
700 10 - ADDED ENTRY--PERSONAL NAME
Personal name Koua, Asseman Medard
Relator term author
700 10 - ADDED ENTRY--PERSONAL NAME
Personal name Assi-Sedji, Catherine
Relator term author
700 10 - ADDED ENTRY--PERSONAL NAME
Personal name Koné, Adama
Relator term author
700 10 - ADDED ENTRY--PERSONAL NAME
Personal name Drissa, Koné
Relator term author
700 10 - ADDED ENTRY--PERSONAL NAME
Personal name Delafosse, Roger Charles Joseph
Relator term author
786 0# - DATA SOURCE ENTRY
Note Psy Cause | 68 | 1 | 2015-01-20 | p. 1-1 | 1245-2394
856 41 - ELECTRONIC LOCATION AND ACCESS
Uniform Resource Identifier <a href="https://shs.cairn.info/revue-psy-cause-2015-1-page-1?lang=fr&redirect-ssocas=7080">https://shs.cairn.info/revue-psy-cause-2015-1-page-1?lang=fr&redirect-ssocas=7080</a>

Pas d'exemplaire disponible.

PLUDOC

PLUDOC est la plateforme unique et centralisée de gestion des bibliothèques physiques et numériques de Guinée administré par le CEDUST. Elle est la plus grande base de données de ressources documentaires pour les Étudiants, Enseignants chercheurs et Chercheurs de Guinée.

Adresse

627 919 101/664 919 101

25 boulevard du commerce
Kaloum, Conakry, Guinée

Réseaux sociaux

Powered by Netsen Group @ 2025